[Event "Capablanca Memorial op 57th"]
[Site "Havana"]
[Date "2024.05.10"]
[Round "8"]
[White "Johnson, Joshua"]
[Black "Spiess, Gunter"]
[Result "1/2-1/2"]
[WhiteElo "2310"]
[BlackElo "2340"]
[PlyCount "40"]
[EventDate "2024.05.03"]
[EventType "swiss"]
[EventRounds "10"]
[EventCountry "CUB"]
[SourceTitle "EXT 2025"]
[Source "ChessBase"]
[SourceDate "2024.10.14"]
[SourceVersion "1"]
[SourceVersionDate "2024.10.14"]
[SourceQuality "1"]

1. e4 e6 2. d4 d5 3. e5 c5 4. c3 Nc6 5. Nf3 Qb6 6. Be2 cxd4 7. cxd4 Nge7 8. Na3 Nf5 9. Nc2 Bd7 10. 0-0 Rc8 11. Kh1 Nb4 12. Nxb4 Qxb4 13. Rb1 Be7 14. g4 Nh4 15. Nxh4 Bxh4 16. g5 h6 17. gxh6 g6 18. Be3 Be7 19. a3 Qa4 20. b3 Qxa3 1/2-1/2

[Event "Capablanca Memorial op 57th"]
[Site "Havana"]
[Date "2024.05.04"]
[Round "2"]
[White "Luis Alvarez, Isabela"]
[Black "Spiess, Gunter"]
[Result "0-1"]
[WhiteElo "1988"]
[BlackElo "2340"]
[PlyCount "141"]
[EventDate "2024.05.03"]
[EventType "swiss"]
[EventRounds "10"]
[EventCountry "CUB"]
[SourceTitle "EXT 2025"]
[Source "ChessBase"]
[SourceDate "2024.10.14"]
[SourceVersion "1"]
[SourceVersionDate "2024.10.14"]
[SourceQuality "1"]

1. e4 e6 2. d4 d5 3. Nd2 c5 4. exd5 Qxd5 5. dxc5 Nf6 6. Ngf3 Qxc5 7. Bd3 Nbd7 8. Qe2 Qc7 9. 0-0 a6 10. Nb3 Bd6 11. Rd1 0-0 12. c4 b6 13. h3 Bb7 14. Be3 Rfc8 15. Rac1 g6 16. Bh6 Bf4 17. Bxf4 Qxf4 18. Qd2 Nh5 19. Be2 Ndf6 20. Qb4 Qe4 21. Qxb6 Nf4 22. Bf1 Nxh3+ 23. Kh2 Nxf2 24. Rd4 Qc6 25. Qxc6 Bxc6 26. Ne5 N2e4 27. Na5 Be8 28. b4 Rab8 29. a3 h5 30. Be2 Nc5 31. Rf4 Kg7 32. Rcf1 Ncd7 33. Nec6 Rb6 34. Ne7 Rc7 35. c5 Rb8 36. Nec6 Ra8 37. Bf3 Rac8 38. Rd4 e5 39. Rd6 Ng4+ 40. Bxg4 hxg4 41. Ne7 Ra8 42. Nd5 Rca7 43. c6 Nf8 44. c7 Ne6 45. Rc1 Rc8 46. Nc6 g3+ 47. Kg1 Bxc6 48. Rdxc6 Nd4 49. Ne7 Nxc6 50. Nxc8 Rxc7 51. Nd6 Kf8 52. Ne4 Ke7 53. Nxg3 Kd8 54. Rc5 Ne7 55. Rxe5 Rc3 56. Ne4 Rxa3 57. Nd6 f5 58. Nb7+ Ke8 59. Na5 Kf7 60. Rc5 Ra4 61. Rc4 g5 62. Nb7 Nd5 63. Nd8+ Kf6 64. Nc6 f4 65. Rd4 Ne3 66. Rd2 g4 67. Rd6+ Kf5 68. Rd2 g3 69. Nd4+ Ke4 70. Nb3 Rxb4 71. Rb2 0-1

[Event "BL2-Ost 2324"]
[Site "Germany"]
[Date "2024.02.03"]
[Round "5.6"]
[White "Spiess, Gunter"]
[Black "Ott, Florian"]
[Result "1/2-1/2"]
[WhiteElo "2345"]
[BlackElo "2306"]
[PlyCount "45"]
[EventDate "2023.10.21"]
[EventType "team-tourn"]
[EventRounds "10"]
[EventCountry "GER"]
[SourceTitle "EXT 2025"]
[Source "ChessBase"]
[SourceDate "2024.10.14"]
[SourceVersion "1"]
[SourceVersionDate "2024.10.14"]
[SourceQuality "1"]
[WhiteTeam "Nickelhuette Aue"]
[BlackTeam "Erlangen"]
[WhiteTeamCountry "GER"]
[BlackTeamCountry "GER"]

1. d4 Nf6 2. c4 e6 3. Nf3 b6 4. g3 Ba6 5. Qc2 Bb4+ 6. Bd2 Bxd2+ 7. Nbxd2 d5 8. cxd5 exd5 9. e3 Bxf1 10. Kxf1 Nfd7 11. Rc1 c6 12. b4 Qf6 13. Kg2 0-0 14. Qb3 Qe6 15. Rhe1 h6 16. a4 Nf6 17. Ne5 Rc8 18. e4 Nbd7 19. exd5 Qxd5+ 20. Qxd5 cxd5 21. Nc6 Kf8 22. Ne5 Nxe5 23. dxe5 1/2-1/2

[Event "GER-ch Rapid 48th"]
[Site "Goettingen"]
[Date "2022.09.24"]
[Round "3"]
[White "Spiess, Gunter"]
[Black "Cofman, Veaceslav"]
[Result "1-0"]
[WhiteElo "2384"]
[BlackElo "2250"]
[PlyCount "71"]
[EventDate "2022.09.24"]
[EventType "swiss (rapid)"]
[EventRounds "9"]
[EventCountry "GER"]
[SourceTitle "CBM 210 Extra"]
[Source "ChessBase"]
[SourceDate "2022.11.30"]
[SourceVersion "1"]
[SourceVersionDate "2022.11.30"]
[SourceQuality "1"]

1. d4 Nf6 2. c4 c5 3. Nf3 e6 4. d5 exd5 5. cxd5 Bd6 6. Nc3 0-0 7. Bg5 Re8 8. e3 Bf8 9. Bd3 d6 10. h3 Nbd7 11. 0-0 a6 12. a4 g6 13. e4 Bg7 14. Nd2 h6 15. Bh4 Qc7 16. f4 Rb8 17. Kh1 Nh7 18. Bg3 b6 19. Qe2 Ra8 20. Nc4 Qb8 21. Qf3 Bb7 22. f5 Ng5 23. Qg4 Nf6 24. Qh4 Ngh7 25. fxg6 fxg6 26. Bxd6 Qd8 27. Bh2 Bf8 28. Qg3 g5 29. Rad1 b5 30. axb5 axb5 31. Nxb5 Nxe4 32. Qf3 Nhf6 33. Bxe4 Rxe4 34. Ncd6 Rb4 35. Nxb7 Qb6 36. N7d6 1-0

[Event "GER-ch rapid 46th"]
[Site "Plochingen"]
[Date "2020.09.19"]
[Round "1"]
[White "Spiess, Gunter"]
[Black "Neukirchner, Pascal"]
[Result "1/2-1/2"]
[WhiteElo "2391"]
[BlackElo "2259"]
[PlyCount "54"]
[EventDate "2020.09.19"]
[EventType "swiss"]
[EventRounds "9"]
[EventCountry "GER"]
[SourceTitle "CBM 198 Extra"]
[Source "ChessBase"]
[SourceDate "2020.11.30"]
[SourceVersion "1"]
[SourceVersionDate "2020.11.30"]
[SourceQuality "1"]

1. d4 Nf6 2. Nf3 c5 3. d5 b5 4. Bg5 d6 5. a4 b4 6. e3 a6 7. Bc4 g6 8. Nbd2 Bg7 9. c3 0-0 10. 0-0 Nbd7 11. a5 Bb7 12. e4 Ng4 13. Qc2 Nge5 14. Be2 Nxf3+ 15. Nxf3 f5 16. exf5 Rxf5 17. c4 Ne5 18. Bh4 Bc8 19. Nxe5 Bxe5 20. Bd3 Rf7 21. Rfe1 Qf8 22. Bg3 Bd4 23. Re2 Bg4 24. Re4 Bf5 25. Re2 Bg4 26. Re4 Bf5 27. Re2 Bg4 1/2-1/2

[Event "GER CupT 1920 prel2"]
[Site "Liebschwitz"]
[Date "2020.01.12"]
[Round "2.2"]
[White "Spiess, Gunter"]
[Black "Goldbeck, Lars"]
[Result "1/2-1/2"]
[WhiteElo "2394"]
[BlackElo "2193"]
[PlyCount "76"]
[EventDate "2020.01.11"]
[EventType "team-k.o."]
[EventRounds "2"]
[EventCountry "GER"]
[SourceTitle "EXT 2021"]
[Source "ChessBase"]
[SourceDate "2020.10.23"]
[SourceVersion "1"]
[SourceVersionDate "2020.10.23"]
[SourceQuality "1"]
[WhiteTeam "Nickelhuette Aue"]
[BlackTeam "Regensburg Bavaria"]
[WhiteTeamCountry "GER"]
[BlackTeamCountry "GER"]

1. d4 Nf6 2. c4 e6 3. Nf3 d5 4. Nc3 c6 5. e3 Nbd7 6. Qc2 Bd6 7. Bd3 dxc4 8. Bxc4 b5 9. Bd3 0-0 10. 0-0 Bb7 11. Ng5 Bxh2+ 12. Kxh2 Ng4+ 13. Kg1 Qxg5 14. f3 Ngf6 15. e4 Qh4 16. Be3 e5 17. Ne2 Nh5 18. Qd2 Qe7 19. Rfc1 Rfd8 20. a4 exd4 21. Nxd4 Ne5 22. Bf1 Ng3 23. Qe1 Nxf1 24. Qxf1 Nc4 25. Bf2 a6 26. Qe2 Qf6 27. Rd1 h6 28. b3 Ne5 29. Rac1 Bc8 30. Qe3 Qg6 31. Qf4 f6 32. Qg3 Qe8 33. f4 Ng4 34. Re1 Nxf2 35. Qxf2 Bd7 36. e5 fxe5 37. fxe5 Be6 38. Nxc6 Rd3 1/2-1/2

[Event "BL2-Ost 1819"]
[Site "Germany"]
[Date "2019.03.24"]
[Round "10.5"]
[White "Spiess, Gunter"]
[Black "Froewis, Georg"]
[Result "1/2-1/2"]
[WhiteElo "2418"]
[BlackElo "2442"]
[PlyCount "49"]
[EventDate "2018.11.10"]
[EventType "team-tourn"]
[EventRounds "10"]
[EventCountry "GER"]
[SourceTitle "CBM 190 Extra"]
[Source "ChessBase"]
[SourceDate "2019.07.15"]
[SourceVersion "1"]
[SourceVersionDate "2019.07.15"]
[SourceQuality "1"]
[WhiteTeam "Aue Nickelhuette"]
[BlackTeam "Muenchen SC"]
[WhiteTeamCountry "GER"]
[BlackTeamCountry "GER"]

1. d4 d5 2. c4 e6 3. Nc3 c6 4. e4 dxe4 5. Nxe4 Bb4+ 6. Bd2 Qxd4 7. Bxb4 Qxe4+ 8. Ne2 Na6 9. Bf8 Ne7 10. Bxg7 Rg8 11. Qd4 Qxd4 12. Bxd4 c5 13. Bf6 Rg6 14. Bc3 Nb4 15. Nf4 Nc2+ 16. Kd2 Nxa1 17. Nxg6 Nxg6 18. Bd3 Ke7 19. Rxa1 Bd7 20. g3 Bc6 21. Re1 Rd8 22. Kc2 f6 23. f4 Kf7 24. h4 f5 25. Re3 1/2-1/2

[Event "BL2-Ost 1819"]
[Site "Germany"]
[Date "2018.12.14"]
[Round "8.5"]
[White "Wetscherek, Andreas"]
[Black "Spiess, Gunter"]
[Result "0-1"]
[WhiteElo "2337"]
[BlackElo "2418"]
[PlyCount "70"]
[EventDate "2018.11.10"]
[EventType "team-tourn"]
[EventRounds "10"]
[EventCountry "GER"]
[SourceTitle "CBM 190 Extra"]
[Source "ChessBase"]
[SourceDate "2019.07.15"]
[SourceVersion "1"]
[SourceVersionDate "2019.07.15"]
[SourceQuality "1"]
[WhiteTeam "Bindlach"]
[BlackTeam "Aue Nickelhuette"]
[WhiteTeamCountry "GER"]
[BlackTeamCountry "GER"]

1. Nf3 d5 2. e3 Nf6 3. c4 e6 4. b3 c5 5. Bb2 Nc6 6. d4 cxd4 7. Nxd4 Bb4+ 8. Nc3 Ne4 9. Rc1 Qa5 10. Ndb5 a6 11. a3 Be7 12. cxd5 axb5 13. dxc6 0-0 14. b4 Nxc3 15. Qc2 Qa4 16. Qxc3 Bf6 17. Qd2 Rd8 18. Qe2 bxc6 19. Bxf6 gxf6 20. Qg4+ Kf8 21. Rc3 c5 22. Be2 cxb4 23. Rc7 bxa3 24. Qxa4 Rxa4 25. 0-0 Rb4 26. Ra7 Rb3 27. Ra1 b4 28. Ra8 Ke7 29. h4 Bb7 30. Ra5 Rb2 31. Ra7 Rd7 32. Bb5 Bc6 33. R7xa3 Bxb5 34. R3a2 Rxa2 35. Rxa2 b3 0-1